00826 a2200193 45000010006000000050017000060080041000230030015000640400040000790800048001192450046001670200022002132640033002353000019002685050213002870410008005001000029005088560095005374117620260407155705.0260407a2011 arg spa dAR-UNSa-BCEJYS aAR-UNSa-BCEJYSbspacAR-UNSa-BCEJYS a347.92xAspectos varios del procedimiento 10aLegitimación anómala o extraordinaria a978-950-894-853-3 1aBuenos Aires :bAD-HOCc2011 a117 p.c20 cm. a1. La legitimación - 2. Legitimación anómala o extraordinaria - 3. Derechos de incidencia colectiva - 4. El defensor del Pueblo de la Nación - 4. Las asociaciones de defensa de usuarios y consumidores aspa1 aBugallo Olano, Daniel J.41uhttps://biblioeco.unsa.edu.ar/pmb/images/libros/L126404.jpgyImagen de portadaqimage/jpeg